| 000 | 00000nas 2200000za 4500 |
| 001 | 9.503437 |
| 003 | CaOODSP |
| 005 | 20200325093220 |
| 007 | cr ||||||||||| |
| 008 | 150406d19992002xxc|| p o||||f| |0fre|d |
| 022 | |a1495-5601 |
| 040 | |aCaOODSP|bfre |
| 043 | |an-cn--- |
| 086 | 1 |aF1-31F-pdf |
| 110 | 1 |aCanada. |bMinistère des finances. |
| 245 | 10|aRapport annuel du ministre des Finances au Parlement sur les opérations du compte du Fonds des changes ; et Rapport du Vérificateur général au ministre des Finances sur la vérification des comptes et des états financiers du compte du fonds des changes |h[ressource électronique]. |
| 246 | 10|aRapport du Vérificateur général au ministre des Finances sur la vérification des comptes et des états financiers du compte du Fonds des changes |
| 260 | |aOttawa : |bFinances Canada, |c[2000-2003]. |
| 310 | |aAnnuel |
| 362 | 0 |a1999-2002 |
| 691 | 07|aMonnaie|2gcpds |
| 775 | 08|tAnnual report to Parliament on the operations of the Exchange Fund Account by the Minister of Finance ; and Report of the Auditor General to the Minister of Finance on the examination of the accounts and financial statements of the Exchange Fund Account |w(CaOODSP)9.507045 |
| 785 | 00|tRapport sur la gestion des réserves officielles de liquidités internationales du Canada.|w(CaOODSP)9.502228 |